| 000 | 01123nam a2200253 i 4500 | ||
|---|---|---|---|
| 001 | bg | ||
| 245 | 0 |
_aNormy wykonywania zawodu i etyka zawodowa a badanie sprawozdań finansowych : _bzadania sytuacyjne. |
|
| 260 |
_aWarszawa : _bKrajowa Izba Biegłych Rewidentów, _c2003. |
||
| 300 |
_a78 s. ; _c24 cm. |
||
| 505 | _aZawiera: Wpływ norm wykonywania zawodu na opinie z badania sprawozdań finansowych / Piotr Łyskawa [et al.]. Niezależność zawodowa / Wiesław Leśniewski. Stosunki wewnętrzne i działalność informacyjna. Wynagrodzenia biegłego rewidenta / Ewa Jakubczyk-Cały. | ||
| 650 | 9 |
_aFinanse _xsprawozdawczość _xkontrola |
|
| 655 | _aPodręczniki | ||
| 700 | 1 | _aŁYSKAWA, Piotr | |
| 700 | 1 | _aLEŚNIEWSKI, Wiesław | |
| 700 | 1 | _aJAKUBCZYK-CAŁY, Ewa | |
| 020 | _a8389255049 | ||
| 040 | _cBPK | ||
| 041 | 0 | _apol | |
| 080 | _a657.62/.63:658.14/.17](07) | ||
| 920 | _a83-89255-04-9 | ||
| 942 | _cKS | ||
| 008 | s pl f |000 0 pol | ||
| 999 |
_c43813 _d43813 |
||
| 856 |
_uhttp://koha.tu.koszalin.pl/cgi-bin/koha/opac-detail.pl?biblionumber=43813 _yKatalog online BPK |
||